00793nam a22002417a 450000500170000001000130001702000100003003500130004003700160005304000120006908200170008110000290009824500470012725000110017426000400018527000430022530000250026865000300029365000370032394200260036099900190038695201460040520170124110238.0 aA-740247 c00.00 aA-740247 bCen Lib/Ret aDPLbEN a301.353bNAI aNair, C. Sankaran922457 aGandhi and anarchy /cby C. Sankaran Nair  a2nd ed aNew DelhibMittal Publicationc1995 aA-110, Moahn GradenbNew Delhie110059 axiv, 262p.c22cm(Hb) aPolitical science9112888 aPolitical and social views97882 2ddccENh301.353mNAI c134989d134989 04104070aLbLd2015-08-28eCen Lib/Retg0.00l0o301.353 NAIpA-740247r2015-08-28 00:00:00t1v0.00w2015-08-28yENzW/d list no. 6834/17